El Desarrollo de la psicología clínica en Costa Rica: una experiencia personal

Uloženo v:
Podrobná bibliografie
Hlavní autor: Sánchez Ruphuy, Rodrigo
Médium: Text
Vydáno: Heredia: UNA. IDELA
Tagy: Přidat tag
Žádné tagy, Buďte první, kdo vytvoří štítek k tomuto záznamu!

MARC

LEADER 00000 a a2200000 04500
001 15906
003
040
090 |a 016100  
100 |a Sánchez Ruphuy, Rodrigo  
245 |a El Desarrollo de la psicología clínica en Costa Rica: una experiencia personal  
260 |a Heredia:   |b UNA. IDELA  
300 |a 26 p.  
999 |c 8278  |d 8278